000 00312nam a2200133 i 4500
001 bg
100 1 _aHOWATT, A. P. R.
245 0 _aA history of English language teaching /
_cA.P.R. Howatt.
260 _aOxford.
040 _cBPK
041 _apol
942 _cKS
008 s pl f |000 0 pol
999 _c29325
_d29325
856 _uhttp://koha.tu.koszalin.pl/cgi-bin/koha/opac-detail.pl?biblionumber=29325
_yKatalog online BPK